| 000 | 00608nam a2200229 i 4500 | ||
|---|---|---|---|
| 001 | bgj | ||
| 100 | 1 | _aHOLMES, Martin. | |
| 245 | 1 | 0 |
_aShakespeare and his players / _cMartin Holmes. |
| 260 |
_aNew York : _bCharles Scribner's Sons, _ccop. 1972. |
||
| 300 |
_aX, 212, [3] s. : _bil. ; _c23 cm. |
||
| 600 | 1 |
_aShakespeare, William _d(1564-1616) |
|
| 650 | 9 | _aLiteratura angielska | |
| 650 | 9 | _aDramat angielski | |
| 020 | _a684130904 | ||
| 040 | _cBPK | ||
| 041 | 0 | _aeng | |
| 044 | _aUSA | ||
| 080 | _a821.111 | ||
| 920 | _a684-13090-4 | ||
| 942 | _cKS | ||
| 008 | s uk f |000 0 eng | ||
| 999 |
_c50052 _d50052 |
||